01383nam a2200337 a 450000100100000000500170001000800410002704000250006808200220009324500750011525000120019026000340020230000280023649000690026449000300033350400320036359000260039565000480042165000550046970000430052470000380056770000340060570000350063970000290067471000510070383000780075483000390083291000370087195201200090899900170102800001647520240307073946.0100305s1984 dr a 000 0 spa d aDO-SdBNPbspacBNPHU a460.7bE96d, 198400aExperiencias didacticas /cYolanda Fernández de Perdomo... [et al.]. a3a. ed. aSanto Domingo :bUASD,c1984. a524 p. :bil. ;c23 cm.1 aPublicaciones de la Universidad Autónoma de Santo Domingov2351 aEducación y sociedadv3 aBibliografía : p. 519-524 aInventariado, 2018/LP 4aEspañolxComposición y ejercicios91362 4aEspañolxGramáticaxEstudio y enseñanza952412aFernández de Perdomo, Yolanda93668612aNivar de Fernández, Nora93668712aPereyra de Torres, Ana93668812aAybar de Cruz, Consuelo93668912aDíaz de Pérez93669012aUniversidad Autónoma de Santo Domingo972951 0aPublicaciones de la Universidad Autónoma de Santo Domingo ;n235936691 0aEducación y sociedad ;n3936692 aValidado. Control de calidad MFF 0010718PDaPDbPDcHDd2010-03-05iLF1l0o460.7 E96d, 1984p16475-10r2020-06-25w2020-06-25yLFPDZNo se presta c16010d16010